| 000 | 00721nam a2200169 4500 | ||
|---|---|---|---|
| 003 | NUST | ||
| 082 | _a621.382,WAQ | ||
| 100 |
_aWaqar, Saad _9132765 |
||
| 245 |
_aLoad automation via power line communication / _cSaad Waqar, Umer Afzal Khan and Abdus Salam (TE-49) |
||
| 260 |
_aRawalpindi _bMCS (NUST) _cJune 2016 |
||
| 300 | _ax, 61 p.; | ||
| 505 | _aIntroduction (Page-1), PLC Methodology (Page-4), Description Of The Components (Page-17), Controlling devices via Pc (Page-40), Software section (Page-40), Future Scope and Applications (Page-56), Conclusion (Page-60). | ||
| 650 |
_aUG Project _9131132 |
||
| 651 |
_aTE-49 _9131595 |
||
| 700 |
_aSupervised By : Dr. Muhammad Tayyab Ali _9132486 |
||
| 942 |
_2ddc _cPR |
||
| 999 |
_c615817 _d615817 |
||